Simpsons Double Job Match Quiz Stats

 Plays Quiz not verified by Sporcle

Challenge
Share
Tweet
Score 0/14 Timer 03:00
0 Plays Today
% Correct
Homer Simpson
86.2%
Seymour Skinner
84.6%
C. Montgomery Burns
84.6%
Marge Simpson
84.6%
Doris Freedman
83.1%
Moe Szyslak
81.5%
Apu Nahasapeemapetilon
81.5%
% Correct
Barney Gumble
80%
Groundskeeper Willie
75.4%
Bart Simpson
73.8%
Lionel Hutz
67.7%
Edna Krabappel
67.7%
Nick Riviera
55.4%
Ned Flanders
52.3%

You're not logged in!

Compare scores with friends on all Sporcle quizzes.
OR
Log In

You Might Also Like...

Show Comments

Extras

Top Quizzes Today


Score Distribution

Your Account Isn't Verified!

In order to create a playlist on Sporcle, you need to verify the email address you used during registration. Go to your Sporcle Settings to finish the process.

Report this User

Report this user for behavior that violates our Community Guidelines.

Details: